Rzeczowniki na literę G - Statystyki

Ogólne statystyki
  • Ten quiz został rozwiązany 76 razy
  • Średni wynik to 63 z 105
Statystyki odpowiedzi
Odpowiedź % Poprawnych
garnek
98%
gra
98%
gaz
93%
gad
91%
gen
91%
gaj
89%
gala
89%
góra
87%
gram
87%
gil
84%
gruszka
82%
guz
82%
groch
80%
gwar
80%
gabinet
78%
gęś
78%
grafik
78%
gruz
78%
grzyb
78%
gwara
78%
goryl
76%
grad
76%
guma
76%
gąbka
73%
galaretka
73%
galeria
73%
gardło
73%
gawron
73%
gazeta
73%
głos
73%
granat
73%
grota
73%
grupa
73%
gwiazda
73%
gaduła
71%
gafa
71%
gama
71%
garaż
71%
garb
71%
grób
71%
gatunek
69%
głaz
69%
grypa
69%
gwóźdź
69%
gołąb
67%
grabie
67%
gryz
67%
gałka
64%
generał
64%
gimnazjum
64%
glina
64%
gmina
64%
góral
64%
grafika
64%
grzech
64%
głowa
62%
gniazdo
62%
godło
62%
grzebień
62%
gwizdek
62%
gleba
60%
glon
60%
godność
60%
grat
60%
gazela
58%
gest
58%
ginekolog
58%
gniew
58%
gracja
58%
gumka
58%
gitara
56%
gramofon
56%
granica
56%
grawitacja
56%
gospoda
53%
grzechotka
53%
grzmot
53%
gekon
51%
głód
51%
grzejnik
49%
gofr
47%
geografia
44%
gość
44%
garść
42%
glukoza
42%
głupota
42%
grudzień
40%
golf
38%
gromada
38%
gotówka
36%
garderoba
33%
gwarancja
33%
groźba
27%
grzywka
22%
galop
16%
giełda
16%
gigant
16%
gastronomia
13%
gbur
13%
getry
13%
golonka
13%
grejpfrut
9%
gąsienica
7%
gnój
7%
Nie znaleziono quizów pasujących do podanych kryteriów
Rozkład punktacji
Procent ludzi z każdym wynikiem
Percentyl według liczby udzielonych odpowiedzi
Twoja historia wyników
Nie rozwiązałeś tego quizu